000
00301nam a2200109Ia 4500
008
200302s9999 xx 000 0 und d
100
_a
Dominique Gauzin-Muller
245
_a
Sustainable Architecture and Urbanism
260
_b
Birkhauser Publishers for Architecture
260
_c
2002
300
_a
254 P.,
999
_c
5874
_d
5874